Welcome to CU Library Online Public Access Catalogue (OPAC)

Value Added Tax Act, 2013 (ACT 870) (Record no. 1342)

MARC details
000 -LEADER
fixed length control field 00371nam a22001217a 4500
005 - DATE AND TIME OF LATEST TRANSACTION
control field 20241119151724.0
008 - FIXED-LENGTH DATA ELEMENTS--GENERAL INFORMATION
fixed length control field 241119b |||||||| |||| 00| 0 eng d
245 ## - TITLE STATEMENT
Title Value Added Tax Act, 2013 (ACT 870)
Statement of responsibility, etc. Republic of Ghana
260 ## - PUBLICATION, DISTRIBUTION, ETC.
Place of publication, distribution, etc. Accra, Ghana
Name of publisher, distributor, etc. Ghana Publishing Co. Ltd. (Assembly Press).
Date of publication, distribution, etc. 2013
300 ## - PHYSICAL DESCRIPTION
Extent 67 pages
Dimensions 24 cm
650 ## - SUBJECT ADDED ENTRY--TOPICAL TERM
Source of heading or term VAT Tax
942 ## - ADDED ENTRY ELEMENTS (KOHA)
Source of classification or shelving scheme Library of Congress Classification
Koha item type Books
Suppress in OPAC No
999 ## -
-- 1342
-- 1342
Holdings
Withdrawn status Lost status Source of classification or shelving scheme Damaged status Not for loan Collection Home library Current library Shelving location Date acquired Total checkouts Full call number Barcode Date last seen Copy number Price effective from Koha item type
    Library of Congress Classification     Non-fiction Law Library (Christ Temple) Law Library (Christ Temple) Reference 05/26/2025   KRX3147 GHA LLCT00000695 05/26/2025 1 05/26/2025 Books
    Library of Congress Classification     Non-fiction Law Library (Miotso) Law Library (Miotso) Reference 11/19/2024   KRX31. 47 GHA LLM00000902 11/19/2024 1 11/19/2024 Books
    Library of Congress Classification     Non-fiction Law Library (Miotso) Law Library (Miotso) Reference 11/20/2024   KRX31. 47 GHA LLM00001095 11/20/2024 2 11/20/2024 Books
    Library of Congress Classification     Non-fiction Law Library (Miotso) Law Library (Miotso) Reference 11/20/2024   KRX31. 47 GHA LLM00001094 11/20/2024 3 11/20/2024 Books
    Library of Congress Classification     Non-fiction Law Library (Miotso) Law Library (Miotso) Reference 11/20/2024   KRX31. 47 GHA LLM00001093 11/20/2024 4 11/20/2024 Books
    Library of Congress Classification     Non-fiction Law Library (Miotso) Law Library (Miotso) Reference 11/20/2024   KRX31. 47 GHA LLM00001092 11/20/2024 5 11/20/2024 Books
© 2023-2024 Copyright: Central University Libraries. All Rights Reserved | Created by: Mahone Tech Office